000
00197 a2200097 4500
001
7815
100
_a
Llewellyn, B
245
_a
With my back to east
260
_a
_b
Allen
_c
090
_c
6264
_d
6264
942
_a
NUST-CAE
_c
M
_c
32783
999
_c
242888
_d
242888